000 00736nam a2200241Ia 4500
003 OSt
005 20220928125041.0
006 a|||||r|||| 00| 0
007 ta
008 220927b |||||||| |||| 00| 0 eng d
024 _a52121
037 _cTextual
040 _aSDCL
_cSDCL
_beng
041 _2eng
_aeng
082 _aY:1:6.4'N9, N7
100 _aSaraswati Baidyanath Ed.
_9385000
245 0 _aIntegration of endogenous cultural dimension into development
260 _aNew Delhi
_bIndira Gandhi National Centre for the Arts
_c1997
300 _axvii, 251p.
_ccm.
490 _aCulture and development series no 2
942 _hY:1:6.4'N9, N7
_cTEXL
_2CC
999 _c780646
_d780646